000 01903cam a2200505 4500
008 000000n2000 000 0 eng u
020 _a1900915138
035 _a(Sirsi) u109967
050 _a690.241
245 _aHistoric churches : the conservation and repair of ecclesiastical buildings.
250 _a7th ed.
260 _aTisbury
_bCathedral Communications Limited
_c2000
300 _a64p.
_bill.
_c30cm.
350 _a5.95
490 _aBuilding Conservation Directory Special Report
_v1
505 _aSundials
505 _aGlass painting techniques in an historical context
505 _aThe search for stone
505 _aNuts and bolts : an introduction to conservation and repairs
505 _aThe non-destructive assessment of timber decay
505 _aThermographic surveying
505 _aA typical English churchyard? The archaeology of burial sites
505 _aTheft and recovery of church property : the art loss register
505 _aLet there be light
505 _aLime : the basics
505 _aFunding conservation : the work of the Scottish Churches Architectural Heritage Trust and others
505 _aDecoration of the new organ in the chapel of St Mary Undercroft, Palace of Westminster
520 _aAn annual looking at issues surrounding the conservation and repair of churches which includes a directory of useful orgnaisations, products and services.
650 _aORGANS
650 _aCHURCHYARDS
690 _aCONSERVATION
700 _aTaylor, Jonathan
_xEditor
700 _aDaniel, Christopher
700 _aAnderson, Petri
700 _aLott, Graham
700 _aSingh, Jagjit
700 _aDemaus, Robert
700 _aSoden, Iain
700 _aStewart, Rosalind
700 _aGardner, Roger
700 _aRichardson, Shirley
700 _aHowell, Kevin
700 _aBucknall, John
942 _n0
999 _c101032
_d101032